Countries Closest to Uruguay - Sudden Death - Statistics

General Stats
  • This quiz has been taken 16 times
    14 since last reset
  • The average score is 11 of 15
Answers on the Grid
Answers color-coded by a green-red scale on the quiz's grid according to % correct below.
Panama
Suriname
Guyana
Venezuela
Colombia
Ecuador
Peru
Bolivia
Chile
Argentina
Paraguay
Brazil
Trinidad and Tobago
Grenada
St. Vincent & The Grenadines
Barbados
Saint Lucia
Dominica
Saint Kitts and Nevis
Dominican Republic
Antigua and Barbuda
Haiti
Bahamas
Cuba
Jamaica
Costa Rica
Nicaragua
El Salvador
Mexico
Sierra Leone
 
Answer Stats
Answer % Correct
Bolivia
100%
Chile
100%
Argentina
92%
Brazil
92%
Colombia
92%
Paraguay
83%
Peru
83%
Venezuela
83%
Ecuador
75%
Guyana
75%
Panama
67%
Suriname
58%
Trinidad and Tobago
42%
St. Vincent & The Grenadines
8%
Grenada
0%
No matching quizzes found
Score Distribution
Percent of People with Each Score
Percentile by Number Answered
Your Score History
You have not taken this quiz since the last reset